00591nam a22002057a 450000500170000001000130001702000230003003500130005303700160006604000120008208200180009410000250011224500680013726000450020527000460025030000230029650000200031965000220033965000240036120170124110203.0 aB-063234 a8120318161c325.00 aB-063234 bCen Lib/Ret aDPLbEN a005.754bDES  aDesign, Howie Green  aFlash 5 Fast and Easy Web Development /cby Howie Green Design  aNew DelhibPrentice Hall of India c2001 aM-97, Connaught circusbNew Delhie110007 axx,330p.c22cm(Hb) aIncludes index  aComputer Graphics aWeb Sites -- Design